Noem de 10 grootste kathedralen - tien kathedralen van de wereld - Statistieken

Algemene statistieken
  • Deze quiz is 6 keer genomen
  • De gemiddelde score is 5 van 20
Antwoordstatistieken
Antwoord % Correct
Antwerpen
60%
Spanje
60%
Belgie
40%
Belgie
40%
Duitsland
40%
Frankrijk
40%
Frankrijk
40%
Frankrijk
40%
Keulen
40%
Beauvais
20%
Brugge
20%
Sevilla
20%
Uppsala
20%
Verenigde Staten
20%
Zweden
20%
Amiens
0%
Engeland
0%
Garden Grove
0%
Metz
0%
York
0%
Geen overeenkomende quizzen gevonden
Scoreverdeling
Procent van Mensen met Elke Score
Percentiel versus Aantal Correcte Antwoorden
Uw Scoregeschiedenis
U heeft deze quiz nog niet genomen